[Psychológia pre manažérsku prax]

Recenzia publikácie SZARKOVÁ, Miroslava: Psychológia pre manažérsku prax. Monografia podáva najnovšie poznatky vychádzajúce z psychologických výskumov a rozvoja psychológie ako vedy, najmä v oblasti sociálnej psychológie a psychológie práce. Praktická aplikácia.

Gespeichert in:
Bibliographische Detailangaben
1. Verfasser: Korauš, Antonín
Format: Buchkapitel
Sprache:Slowakisch
Schlagworte:
Tags: Tag hinzufügen
Keine Tags, Fügen Sie das erste Tag hinzu!

MARC

LEADER 00000naa a2200000 4500
001 r036610
005 20230929072450.2
041 0 |a slo 
044 |a SK 
245 1 0 |a [Psychológia pre manažérsku prax]  |c Anton Korauš 
520 |a Recenzia publikácie SZARKOVÁ, Miroslava: Psychológia pre manažérsku prax. Monografia podáva najnovšie poznatky vychádzajúce z psychologických výskumov a rozvoja psychológie ako vedy, najmä v oblasti sociálnej psychológie a psychológie práce. Praktická aplikácia. 
610 2 0 |a recenzie 
610 2 0 |a manažment 
610 2 0 |a psychológia 
610 2 0 |a psychológia práce 
610 2 0 |a manažéri 
100 1 |a Korauš, Antonín